|
|
|
|
| LEADER |
00000nam0a2200000 4500 |
| 001 |
239615 |
| 005 |
20231101231703.0 |
| 035 |
|
|
|a (RuTPU)RU\TPU\book\260840
|
| 090 |
|
|
|a 239615
|
| 100 |
|
|
|a 20130611d1903 m y0frey50 ba
|
| 101 |
0 |
|
|a fre
|
| 102 |
|
|
|a BE
|
| 105 |
|
|
|a a z 001zy
|
| 200 |
1 |
|
|a Les Causes D Erreur dans L Etude des Empreintes Vegetales
|f Ch. Bommer
|
| 210 |
|
|
|a Bruxelles
|c Hayez, Imprimeur des Academies Royles de belgque
|d 1903
|
| 215 |
|
|
|a 33 с.
|c il.
|
| 300 |
|
|
|a Новые материалы бельгийского общества гидрологии , палеонтологии и геологии. Причины ошибок в изучении растительных отпечатков
|
| 320 |
|
|
|a Bibliographie: с. 33.
|
| 606 |
1 |
|
|a Палеоботаника
|2 stltpush
|3 (RuTPU)RU\TPU\subj\47946
|9 66843
|
| 610 |
1 |
|
|a палеонтология
|
| 610 |
1 |
|
|a палеоботанические исследования
|
| 610 |
1 |
|
|a растительность
|
| 610 |
1 |
|
|a ископаемые растения
|
| 610 |
1 |
|
|a ошибки
|
| 610 |
1 |
|
|a французский язык
|
| 675 |
|
|
|a 561
|v 3
|
| 700 |
|
1 |
|a Bommer
|b Ch.
|
| 801 |
|
1 |
|a RU
|b 63413507
|c 20130611
|
| 801 |
|
2 |
|a RU
|b 63413507
|c 20130624
|g RCR
|
| 942 |
|
|
|c BK
|